000 00614nam a2200241Ia 4500
003 OSt
005 20221006145720.0
006 a|||||r|||| 00| 0
007 ta
008 221006b |||||||| |||| 00| 0 eng d
020 _c
_16.00
024 _a15,740
037 _cTextual
040 _aEASL
_cEASL
_beng
041 _2eng
_aeng
082 _aX.41.N65<-N49, K8
245 0 _aEconomic profile of mainlan China
260 _aNew York
_bFrederick A Praeger Pub.
_c1968
300 _a684p.
_ccm.
490 _v RR
942 _hX.41.N65<-N49, K8
_cTEXL
_2CC
999 _c1083826
_d1083826